000 00455nam a2200181Ia 4500
005 20250603145622.0
008 250603s9999 xx 000 0 und d
020 _a9783031350658
050 _aJF 1351 .H47/
100 _aHepworth, Noel
245 0 _aPublic Financial Management and Internal Control
260 _aSwitzerland
260 _bPalgrave Macmillan
260 _c2024
300 _axxiii, 579p.:
650 _aSwitzerland
942 _cBK
999 _c42363
_d42363